| 000 -LEADER |
| fixed length control field |
00328nam a2200121Ia 4500 |
| 008 - FIXED-LENGTH DATA ELEMENTS--GENERAL INFORMATION |
| fixed length control field |
221224s9999||||xx |||||||||||||| ||und|| |
| 082 ## - DEWEY DECIMAL CLASSIFICATION NUMBER |
| Classification number |
242 |
| 245 #0 - TITLE STATEMENT |
| Title |
Srimad Bhagavatam: Mool Matram; Skandha: 1st To 12th |
| 250 ## - EDITION STATEMENT |
| Edition statement |
1st Edition |
| 260 ## - PUBLICATION, DISTRIBUTION, ETC. |
| Place of publication, distribution, etc. |
Varanasi |
| Name of publisher, distributor, etc. |
Chaukhambha Sanskrit Sansthan&c1987 |
| 300 ## - PHYSICAL DESCRIPTION |
| Extent |
858 |
| 942 ## - ADDED ENTRY ELEMENTS (KOHA) |
| Koha item type |
|